000 00613nam a2200253Ia 4500
005 20250425162334.0
008 250425s9999 xx 000 0 und d
020 _a8496118185
041 _aspa
082 _a808
100 _aALEIXANDRE, VICENTE
245 0 _aCOLECCION PREMIOS NOBEL: LA DESTRUCCION O EL AMOR
250 _a1A ED.
260 _aArgentina
_bSOL 90
_c2003
260 _aBUENOS AIRES
300 _a126
500 _aCOLECCIÓN PREMIOS NOBEL
650 _aDIALOGO
650 _aLEYENDAS
650 _aLITERATURA
650 _aNOVELA-COLECCIONES
942 _c01
010 _a63590
999 _c227172
_d227172